Pracya : (Record no. 172481)
[ view plain ]
| 000 -LEADER | |
|---|---|
| fixed length control field | 00596nam a22001937a 4500 |
| 005 - DATE AND TIME OF LATEST TRANSACTION | |
| control field | 20200206104203.0 |
| 008 - FIXED-LENGTH DATA ELEMENTS--GENERAL INFORMATION | |
| fixed length control field | 200206b ||||| |||| 00| 0 eng d |
| 022 ## - INTERNATIONAL STANDARD SERIAL NUMBER | |
| International Standard Serial Number | 2278-4004 |
| 040 ## - CATALOGING SOURCE | |
| Original cataloging agency | dpl |
| 082 ## - DEWEY DECIMAL CLASSIFICATION NUMBER | |
| Classification number | 810 |
| 245 ## - TITLE STATEMENT | |
| Title | Pracya : |
| Remainder of title | a peer reviewed (refereed) annual journal on Sanskrit & related studies |
| 246 ## - VARYING FORM OF TITLE | |
| Title proper/short title | प्राच्या |
| 260 ## - PUBLICATION, DISTRIBUTION, ETC. (IMPRINT) | |
| Place of publication, distribution, etc | Dibrugarh |
| Name of publisher, distributor, etc | M.D.K. Girls College |
| Date of publication, distribution, etc | 2019 |
| 300 ## - PHYSICAL DESCRIPTION | |
| Extent | v |
| Dimensions | 23 cm. |
| 310 ## - CURRENT PUBLICATION FREQUENCY | |
| Current publication frequency | Annual |
| 505 ## - FORMATTED CONTENTS NOTE | |
| Formatted contents note | vol. XI - Buddhism special |
| 270 ## - ADDRESS | |
| Address | K.C. Gogoi Path, |
| City | Dibrugarh |
| Country | 786001 |
| 942 ## - ADDED ENTRY ELEMENTS (KOHA) | |
| Source of classification or shelving scheme | Dewey Decimal Classification |
| Item type | Periodicals |
| Classification part | 810 |
| Serial record | 1 |
No items available.
